La CEPAL y el desarrollo latinoamericano /
Bewaard in:
| Hoofdauteur: | |
|---|---|
| Formaat: | Texto |
| Onderwerpen: | |
| Tags: |
Voeg label toe
Geen labels, Wees de eerste die dit record labelt!
|
MARC
| LEADER | 00000 a a2200000 04500 | ||
|---|---|---|---|
| 001 | 1790 | ||
| 003 | |||
| 040 | |||
| 100 | |a Vallejo Zamudio, Luis E | ||
| 245 | |a La CEPAL y el desarrollo latinoamericano / |c Luis E Vallejo Zamudio | ||
| 650 | |a TEORIA DEL DESARROLLO | ||
| 650 | |a SUSTITUCION DE IMPORTACIONES | ||
| 650 | |a CEPAL | ||
| 650 | |a INDUSTRIALIZACION | ||
| 650 | |a DEUDA EXTERNA | ||
| 773 | |g número 2; páginas 17-35 | ||
| 999 | |c 31226 |d 31226 | ||
